Between accumulation and immiseration (Record no. 3766)

000 -LEADER
fixed length control field 00405pab a2200145 454500
008 - FIXED-LENGTH DATA ELEMENTS--GENERAL INFORMATION
fixed length control field 180718b1985 xxu||||| |||| 00| 0 eng d
100 ## - MAIN ENTRY--PERSONAL NAME
Personal name Breman, Jan
245 ## - TITLE STATEMENT
Title Between accumulation and immiseration
Remainder of title The partiality of fieldwork in rural India
260 ## - PUBLICATION, DISTRIBUTION, ETC.
Date of publication, distribution, etc. 1985
300 ## - PHYSICAL DESCRIPTION
Extent 5-36
362 ## - DATES OF PUBLICATION AND/OR SEQUENTIAL DESIGNATION
Dates of publication and/or sequential designation Oct.
650 ## - SUBJECT ADDED ENTRY--TOPICAL TERM
Topical term or geographic name entry element Agriculture - research - India
773 ## - HOST ITEM ENTRY
Main entry heading Journal of Peasant Studies
909 ## -
-- 3766
Holdings
Withdrawn status Lost status Damaged status Not for loan Permanent Location Current Location Date acquired Serial Enumeration / chronology Barcode Date last seen Price effective from Koha item type
        Indian Institute of Public Administration Indian Institute of Public Administration 2018-07-19 Volume no: 13, Issue no: 1 AR3767 2018-07-19 2018-07-19 Articles

Powered by Koha